LEADER 01461nam0-22003851i-450- 001 990000678510403321 005 20160318095952.0 035 $a000067851 035 $aFED01000067851 035 $a(Aleph)000067851FED01 035 $a000067851 100 $a20020821d1982----km-y0itay50------ba 101 0 $aita 102 $aIT 105 $aa-------001yy 200 1 $aGente, famiglie, case$etrasformazioni sociali e demografiche e nuove esigenze abitative$fRegione Emilia-Romagna$ga cura del Consorzio Regionale fra gli istituti autonomi per le case popolari dell'Emilia Romagna 210 $aMilano$cFranco Angeli$d1982 215 $a416 p.$cill.$d22 cm 225 1 $aSerie di architettura$v10 300 $aIn testa al frontespizio: Ricerca per la normativa tecnica regionale per l'edilizia residenziale pubblica 610 0 $aPopolazione$aMovimento$aEmilia Romagna$aRilevazioni statistiche 610 0 $aCase popolari$aEmilia Romagna$aRilevazioni statistiche 676 $a301.54 710 01$aEmilia-Romagna$c$040146 712 02$aConsorzio regionale fra gli istituti autonomi per le case popolari dell'Emilia-Romagna 801 0$aIT$bUNINA$gRICA$2UNIMARC 901 $aBK 912 $a990000678510403321 952 $a01 GA 5078$b05214$fDINST 952 $aURB.LE B 1008$b12989$fFARBC 952 $aURB.LE B 1380$b8064$fFARBC 959 $aDINST 959 $aFARBC 996 $aGente, famiglie, case$9325376 997 $aUNINA LEADER 05003nam 2200721Ia 450 001 9910971761103321 005 20251116205643.0 010 $a1-136-96225-5 010 $a1-136-96226-3 010 $a1-282-62929-8 010 $a9786612629297 010 $a0-203-85042-4 024 7 $a10.4324/9780203850428 035 $a(CKB)2560000000010048 035 $a(EBL)534196 035 $a(OCoLC)642661624 035 $a(SSID)ssj0000414299 035 $a(PQKBManifestationID)11294347 035 $a(PQKBTitleCode)TC0000414299 035 $a(PQKBWorkID)10395627 035 $a(PQKB)11387348 035 $a(Au-PeEL)EBL534196 035 $a(CaPaEBR)ebr10394482 035 $a(CaONFJC)MIL262929 035 $a(OCoLC)645109310 035 $a(MiAaPQ)EBC534196 035 $a(EXLCZ)992560000000010048 100 $a20091204d2010 uy 0 101 0 $aeng 135 $aur|n|---||||| 181 $ctxt 182 $cc 183 $acr 200 12$aA cognitive behavioural therapy program for problem gambling $etherapist manual /$fNamrata Raylu and Tian Po Oei 205 $a1st ed. 210 $aHove, East Sussex ;$aNew York, NY $cRoutledge$d2010 215 $a1 online resource (268 p.) 300 $aDescription based upon print version of record. 311 08$a1-138-14333-2 311 08$a0-415-54816-0 320 $aIncludes bibliographical references and index. 327 $aBook Cover; Title; Copyright; Contents; Figures and tables; Preface; Chapter 1: Overview; Chapter 2: Review of the problem gambling treatment literature; Chapter 3: Session one: Assessment; Chapter 4: Session two: Psychoeducation and selfmanagement strategies to stabilize gambling; Chapter 5: Session three: Cognitive-restructuring I ± identifying gambling specific thinking errors; Chapter 6: Session four: Cognitive-restructuring II ± challenging gambling specific thinking errors; Chapter 7: Session five: Cognitive-restructuring III ± identifying and challenging other/general thinking errors 327 $aChapter 8: Session six: Relaxation and imaginal exposureChapter 9: Session seven: Problem-solving and goal-setting skills training; Chapter 10: Session eight: Management of negative emotions; Chapter 11: Session nine: Relapse prevention and maintenance of therapeutic gains I ± balanced lifestyle; Chapter 12: Session ten: Relapse prevention and maintenance of therapeutic gains II ± coping with high-risk situations; Chapter 13: Elective session: Assertiveness skills training; Chapter 14: Elective session: Getting out of debt 327 $aChapter 15: Elective session: Teaching significant others strategies to cope/deal with the gambler's behavioursAPPENDIX A: Guidelines for home exercises; APPENDIX B: Guidelines for role-plays/behavioural rehearsals; APPENDIX C: Assessing and managing suicidal clients; APPENDIX D: Notes on stages of change; APPENDIX E: Notes on motivational interviewing; APPENDIX F: Notes on controlled gambling; APPENDIX G: Case formulation and treatment plan sheet; APPENDIX H: Contract for completion of the treatment programme; APPENDIX I: Monitoring gambling sheet 327 $aAPPENDIX J: Motivations towards gambling worksheetAPPENDIX K: Identifying gambling triggers and establishing safeguards worksheet; APPENDIX L: Daily schedule; APPENDIX M: Alternative activities worksheet; APPENDIX N: The START technique contract; APPENDIX O: Irrational thoughts record A (adapted from Beck et al., 1979); APPENDIX P: Irrational thoughts record B (adapted from Beck et al., 1979); APPENDIX Q: Relaxation techniques; APPENDIX R: Imaginal exposure worksheet; APPENDIX S: Problem-solving worksheet; APPENDIX T: Goal-setting worksheet; APPENDIX U: Negative emotions worksheet 327 $aAPPENDIX V: Balanced lifestyle worksheetAPPENDIX W: Budgeting worksheet; References; Author index; Subject index 330 $aThis book is a treatment manual providing guidance for therapists treating clients with gambling addictions.In this book the authors use a cognitive behavioural approach and provide a session by session guide for overcoming problem gambling. Essential topics covered include:assessment and psychoeducationcognitive behavioural strategies to stabilize gamblingidentifying and challenging thinking errorsrelaxation and imaginal exposureproblem solving and goal settingmanaging negative emotions relapse prevention: maintain 606 $aCompulsive gambling$xTreatment 606 $aCompulsive gamblers$xRehabilitation 606 $aCognitive therapy 615 0$aCompulsive gambling$xTreatment. 615 0$aCompulsive gamblers$xRehabilitation. 615 0$aCognitive therapy. 676 $a616.85/227 700 $aRaylu$b Namrata$01875687 701 $aOei$b Tian Po$01875688 801 0$bMiAaPQ 801 1$bMiAaPQ 801 2$bMiAaPQ 906 $aBOOK 912 $a9910971761103321 996 $aA cognitive behavioural therapy program for problem gambling$94486877 997 $aUNINA